| 000 | 00626nac a22001571u 4500 | ||
|---|---|---|---|
| 082 |
_b338.9 _aB7496 |
||
| 090 |
_c4803 _d4803 |
||
| 100 | _aBotros, Salib. | ||
| 245 |
_aDevelopment Planning: _bWith Special Reference To Egypt 1950-1970 / _cSalib Botros ;Foreword By Henry Simonet. |
||
| 260 |
_a[Cairo]: _bGeneral Egyptian Book Organization,c.1977. _cc.1977. |
||
| 300 |
_a362p; _c19cm. |
||
| 650 | _aDevelopment Planning. | ||
| 700 | _aSimonet, Henri. | ||
| 942 |
_cBB _k338.9B7496 |
||
| 999 |
_c4803 _d4803 |
||